000 00712nam a22002057a 4500
005 20160202053337.0
008 090714s2010 nyu b 001 0 eng
020 _a9780071638852 (alk. paper)
024 0 _ceng
080 _a331.107.5
100 1 _aRyback, David.
245 1 0 _aConnectability :
_cby David Ryback ; with Jim Cathcart and David Nour.
260 _aNew York :
_bMcGraw-Hill,
_c2010.
300 _a221 f. ;
_c23 cm.
504 _aIncludes bibliographical references and index.
650 0 _aBashkëpronësia dhe pjesmarrja e përbashkët
700 1 _aCathcart, Jim.
700 1 _aNour, David,
942 _2udc
_cBK
999 _c442
_d442